Catalog

Record Details

Catalog Search



Dějiny filosofie = = Geschichte der Philosophie, Die Philosophie der Antike 2. Sophistik und Sokratik. Plato bis Aristoteles :  Andreas Graeser ; Přeložil: Miroslav Petříček Cover Image Book Book

Dějiny filosofie = = Geschichte der Philosophie, Die Philosophie der Antike 2. Sophistik und Sokratik. Plato bis Aristoteles :  Svazek 2 : Řecká filosofie klasického období. Sofisté, Sokratés a sokratikové, Platón a Aristotelés /  Andreas Graeser ; Přeložil: Miroslav Petříček

Graeser, Andreas (Author). Petříček, Miroslav (Added Author).

Record details

  • ISBN: 80-7298-019-X
  • Physical Description: 445 s.
  • Edition: 1. vyd.
  • Publisher: Praha :  OIKOYMENH ,  2000

Available copies

  • 1 of 1 copy available at Common Catalog SPOK.

Holds

  • 0 current holds with 1 total copy.
Show All Copies
Location Call Number / Copy Notes Barcode Shelving Location Status Due Date
ETS Library 100 424470010398 Volný výběr Available -

LDR 01168nam a2 00277
00140484
003CZ-PrJAB
00520201101221521.0
008021105s2000 xr e |||| |cze
009cz
020 . ‡a80-7298-019-X
035 . ‡a(CONS)1921
035 . ‡aKPS11142
040 . ‡aABG450
041 . ‡acze
08214. ‡a100
100 . ‡75173 ‡aGraeser, Andreas
245 . ‡aDějiny filosofie = ‡b= Geschichte der Philosophie, Die Philosophie der Antike 2. Sophistik und Sokratik. Plato bis Aristoteles :  ‡cSvazek 2 : Řecká filosofie klasického období. Sofisté, Sokratés a sokratikové, Platón a Aristotelés /  ‡nAndreas Graeser ; Přeložil: Miroslav Petříček
250 . ‡a1. vyd.
260 . ‡aPraha :  ‡bOIKOYMENH ,  ‡c2000
300 . ‡a445 s.
490 . ‡aDějiny filosofie ‡vSv. 2
653 . ‡aDějiny filosofie ‡aGeschichte der Philosophie, Die Philosophie der Antike 2. Sophistik und Sokratik. Plato bis Aristoteles ‡aŘecká filosofie klasického období. Sofisté, Sokratés a sokratikové, Platón a Aristotelés / 
700 . ‡75348 ‡aPetříček, Miroslav
8524 . ‡bETS ‡bETS ‡cVolný výběr ‡j100 ‡gP ‡p424470010398 ‡xreference
910 . ‡aABG450
999 . ‡a1921 ‡bAUTOGEN ‡c1921 ‡tbiblio
905 . ‡uadmin
901 . ‡a40484 ‡bCZ-PrJAB ‡c40484 ‡tbiblio ‡sets

Additional Resources